| 000 | 00718nam a2200241Ia 4500 | ||
|---|---|---|---|
| 003 | OSt | ||
| 005 | 20220927111110.0 | ||
| 006 | a|||||r|||| 00| 0 | ||
| 007 | ta | ||
| 008 | 220926b |||||||| |||| 00| 0 eng d | ||
| 024 | _a74928 | ||
| 037 | _cReports | ||
| 040 |
_aRTL _cRTL _beng |
||
| 041 |
_2eng _aeng |
||
| 082 | _a"X651,72.2.N8, M3" | ||
| 100 |
_aSrinivasan K _9381350 |
||
| 245 | 0 | _aTax treatment of private trusts | |
| 260 |
_aNew _bDelhi National Institute of Puhblic Finance Policy Publication _c1983 |
||
| 300 |
_a"lvi, 248p. Bibliography p 216-21" _ccm. |
||
| 650 | _aStock Exchange | ||
| 942 |
_h"X651,72.2.N8, M3" _cCC |
||
| 999 |
_c698667 _d698667 |
||